Coconut breeding

Đã lưu trong:
書目詳細資料
格式: 圖書
語言:Undetermined
出版: Malaysia IPGRI 1998
主題:
標簽: 添加標簽
沒有標簽, 成為第一個標記此記錄!
Thư viện lưu trữ: Trung tâm Học liệu Trường Đại học Cần Thơ
LEADER 00404nam a2200157Ia 4500
001 CTU_38954
008 210402s9999 xx 000 0 und d
082 |a 634.613 
082 |b C659 
245 0 |a Coconut breeding 
260 |a Malaysia 
260 |b IPGRI 
260 |c 1998 
650 |a coconut,coconut - breeding 
904 |i Liên, 000519 
980 |a Trung tâm Học liệu Trường Đại học Cần Thơ